|
|
|
|
| LEADER |
00000nab a2200000 a 4500 |
| 001 |
vtls000558492 |
| 003 |
SK-MaSNL |
| 005 |
20260304092730.0 |
| 008 |
250425c1995 xo 0 slo |
| 015 |
|
|
|a SNBRB19rr/mm-uuuuu
|
| 035 |
|
|
|a CL0558630
|
| 035 |
|
|
|a urn:nbn:sk:snk-abebx
|
| 035 |
|
|
|a (urnnbn)urn:nbn:sk:snk:ar-0058cz
|
| 035 |
|
|
|a (uuid)08de4ae8-9ffd-42ed-9007-a7f3ba487b12
|
| 040 |
|
|
|a SNKBUCL
|b slo
|c SNKBUCL
|e AACR2
|
| 041 |
0 |
|
|a slo
|
| 044 |
|
|
|a xo
|c SK
|
| 080 |
|
|
|a 630 65(437.6):338.512:630 425
|2 1981
|
| 080 |
|
|
|a 338.512
|2 1981
|
| 080 |
|
|
|a 630 425
|2 1981
|
| 080 |
|
|
|a 504.3.054
|2 1981
|
| 100 |
1 |
|
|a Nociarová, Gizela
|4 aut
|9 7763
|
| 245 |
1 |
0 |
|a Analýza vplyvu imisií na nákladové a hodnotové ukazovatele lesnej výroby
|c Gizela Nociarová
|
| 300 |
|
|
|b Tab. 6, res. angl., lit. 5 zázn. v češ., slov.
|
| 650 |
0 |
7 |
|a závody lesné
|2 snkbucl
|9 997337
|
| 650 |
0 |
7 |
|a výroba lesná
|2 snkbucl
|9 997338
|
| 650 |
0 |
7 |
|a náklady (ekon.)
|2 snkbucl
|9 898374
|
| 650 |
0 |
7 |
|a imisie
|2 snkbucl
|9 14222
|
| 655 |
|
7 |
|a články z novín a časopisov
|2 snkbucl
|9 267496
|
| 773 |
0 |
|
|t Lesnícky časopis
|g Roč. 41, č. 1 (1995), s. 21-29
|x 0323-1046
|
| 850 |
|
|
|a Slovenská národná knižnica
|
| 852 |
|
|
|a Slovenská národná knižnica
|
| 954 |
|
|
|a odborná, vedecká literatúra pôvodná (slovenská)
|2 lita
|
| 958 |
|
|
|a article2022
|
| 958 |
|
|
|a OND
|
| 958 |
|
|
|a NB
|
| 958 |
|
|
|a RK
|
| 958 |
|
|
|a SK
|
| 958 |
|
|
|a EUIPO
|
| 992 |
|
|
|a RBX
|
| 999 |
|
|
|c 2820139
|d 2822069
|